000
00244nam a22000857a 4500
008
160914b xxu||||| |||| 00| 0 eng d
100
_9
475
_a
Gupta.R.K
245
_a
English Communicative-T.P-II (Class X )
260
_a
New Delhi
_b
L.P. Publications
_c
2011
999
_c
3132
_d
3132